Food security in Asia.
| Main Author: | |
|---|---|
| Format: | Book |
| Published: |
Los Angeles:
SAGE Publications,
2012.
|
| Subjects: |
| LEADER | 00462cam a2200169 7i4500 | ||
|---|---|---|---|
| 001 | 0000029716 | ||
| 005 | 20131204090000.0 | ||
| 020 | 0 | 0 | |a 9788132109068 |
| 090 | 0 | 0 | |a P 338.195 |b MUK |
| 100 | 1 | 0 | |a Mukherjee |
| 245 | 1 | 0 | |a Food security in Asia. |
| 260 | 0 | 0 | |a Los Angeles: |b SAGE Publications, |c 2012. |
| 300 | # | # | |a 393 p. |
| 650 | 0 | 0 | |a Food security -- |z Asia |
| 650 | 0 | 0 | |a Food supply -- |z Asia |
| 651 | 0 | 0 | |a Asia |
| 999 | |a B000032967 |b Book |c Products |e Business Information Centre | ||


